000 00449nam a22001817a 4500
999 _c12182
_d12182
008 220627b 2018 ||||| |||| 00| 0 eng d
020 _a9780070151314
082 _a621.4021
_bNAG
100 _aNag, P. K.
245 _aBasic and applied thermodynamics
250 _a2018
260 _aNew Delhi
_bMcGraw Hill
_c2018
300 _axvi, 846p.
650 _aTemperature
650 _aWork & Heat Transfer
650 _aEntropy
942 _cGB